Engineering mathematics : Programmes and problems /
Salvato in:
| Autore principale: | |
|---|---|
| Natura: | Libro |
| Lingua: | inglese |
| Pubblicazione: |
Houndmills :
Macmillan Publishing Company,
1993
|
| Edizione: | 3.ed. |
| Soggetti: | |
| Tags: |
Nessun Tag, puoi essere il primo ad aggiungerne!!
|
MARC
| LEADER | 00000nam a22000003a 4500 | ||
|---|---|---|---|
| 001 | stu4934 | ||
| 005 | 20150617225810.9 | ||
| 008 | 931214s1993----xxu-----------------eng-d | ||
| 020 | |a 0-333-44887-1 | ||
| 040 | |a STU |b slo | ||
| 041 | 0 | |a eng | |
| 044 | |a xxu | ||
| 080 | |a 51-74 |7 stu_us_auth*stu4128 | ||
| 100 | 1 | |a Stroud, K.A. |4 aut | |
| 245 | 1 | |a Engineering mathematics : |b Programmes and problems / |c [aut.] Stroud,K.A | |
| 250 | |a 3.ed. | ||
| 260 | |a Houndmills : |b Macmillan Publishing Company, |c 1993 | ||
| 300 | |a 951 s | ||
| 650 | 7 | |a matematika |2 stusub | |
| 650 | 7 | |a inžinierska matematika |2 stusub | |
| 996 | |b E78641 |c E*78641 |l EE03 |s P |a 0 |w stu4934_0001 | ||